[Event "Bosnjaci op 24th"]
[Site "Bosnjaci"]
[Date "2019.01.08"]
[Round "8"]
[White "Mesic, Ismet"]
[Black "Jergovic, Andrija"]
[Result "0-1"]
[WhiteElo "1757"]
[BlackElo "2012"]
[PlyCount "102"]
[EventDate "2019.01.03"]
[EventType "swiss"]
[EventRounds "9"]
[EventCountry "CRO"]
[SourceTitle "CBM 188 Extra"]
[Source "ChessBase"]
[SourceDate "2019.02.26"]
[SourceVersion "1"]
[SourceVersionDate "2019.02.26"]
[SourceQuality "1"]

1. d4 Nf6 2. Nf3 e6 3. c4 b6 4. Nc3 Bb7 5. Bg5 Be7 6. e3 0-0 7. Be2 d6 8. 0-0 Nbd7 9. Rc1 c5 10. b3 Re8 11. Nd2 h6 12. Bh4 Rc8 13. Bf3 Qc7 14. Bxb7 Qxb7 15. Nf3 Bf8 16. Bg3 Nh5 17. Qe2 Nxg3 18. hxg3 Nf6 19. Rfd1 Red8 20. Rc2 a6 21. dxc5 bxc5 22. e4 Nd7 23. Rcd2 f6 24. g4 Be7 25. Na4 Nf8 26. Rd3 Ng6 27. g3 Kf7 28. Nc3 Rh8 29. Nh4 Ne5 30. R3d2 Qb4 31. Na4 Qb7 32. Nc3 g5 33. Ng2 h5 34. Ne3 h4 35. f4 Nc6 36. fxg5 hxg3 37. Qf3 Ne5 38. Qf4 Qb4 39. Ncd5 exd5 40. Nxd5 Qb7 41. Nxe7 Qxe7 42. Rxd6 Rc6 43. Rxc6 Nxc6 44. Rd6 Nd4 45. Rxf6+ Kg7 46. Qe3 Qe5 47. Rxa6 Rh2 48. Ra7+ Kf8 49. Ra8+ Ke7 50. Ra7+ Kd8 51. Qd3 Kc8 0-1

[Event "Bosnjaci op 24th"]
[Site "Bosnjaci"]
[Date "2019.01.04"]
[Round "2"]
[White "Rogulj, Branko"]
[Black "Jergovic, Andrija"]
[Result "1-0"]
[WhiteElo "2413"]
[BlackElo "2012"]
[PlyCount "119"]
[EventDate "2019.01.03"]
[EventType "swiss"]
[EventRounds "9"]
[EventCountry "CRO"]
[SourceTitle "CBM 188 Extra"]
[Source "ChessBase"]
[SourceDate "2019.02.26"]
[SourceVersion "1"]
[SourceVersionDate "2019.02.26"]
[SourceQuality "1"]

1. e4 d6 2. d4 Nf6 3. Nc3 g6 4. f4 Bg7 5. Bd3 0-0 6. Nf3 c5 7. dxc5 dxc5 8. e5 Nd5 9. Nxd5 Qxd5 10. Qe2 Nc6 11. Be4 Qd7 12. 0-0 Qc7 13. Qf2 b6 14. Qh4 Bb7 15. c3 Rad8 16. Be3 f6 17. Rae1 Na5 18. Bxb7 Nxb7 19. f5 gxf5 20. Bf4 Qc6 21. exf6 exf6 22. Qh3 Rfe8 23. Rxe8+ Rxe8 24. Nh4 Nd6 25. Rd1 Re6 26. Qd3 Bf8 27. Nxf5 Nxf5 28. Qxf5 Qe4 29. Qg4+ Kh8 30. h3 Qe2 31. Qxe2 Rxe2 32. Rd8 Kg7 33. Bd2 Re7 34. Kf2 Kf7 35. Ra8 Rb7 36. Bf4 Be7 37. Kf3 Ke6 38. g4 Bd6 39. Bh6 Be5 40. Ke4 Rd7 41. h4 Bg3 42. h5 Be5 43. Re8+ Kf7 44. Rf8+ Ke6 45. g5 Rf7 46. Rxf7 Kxf7 47. Kd5 Bg3 48. gxf6 Kxf6 49. Kc6 Kf5 50. Bf8 Bf4 51. Kb7 b5 52. Kxa7 Bc1 53. b3 Kg5 54. h6 Kg6 55. Bxc5 Kxh6 56. a4 bxa4 57. bxa4 Kg5 58. a5 h5 59. a6 h4 60. Kb6 1-0

[Event "Zagreb Damjanovic Memorial 2nd"]
[Site "Zagreb"]
[Date "2018.07.21"]
[Round "7"]
[White "Kinez, Ivo"]
[Black "Jergovic, Andrija"]
[Result "1-0"]
[WhiteElo "2019"]
[BlackElo "1978"]
[PlyCount "99"]
[EventDate "2018.07.16"]
[EventType "swiss"]
[EventRounds "9"]
[EventCountry "CRO"]
[SourceTitle "EXT 2019"]
[Source "ChessBase"]
[SourceDate "2018.10.10"]
[SourceVersion "1"]
[SourceVersionDate "2018.10.10"]
[SourceQuality "1"]

1. e4 e6 2. d4 d5 3. Nc3 Bb4 4. e5 c5 5. a3 Bxc3+ 6. bxc3 Ne7 7. Qg4 Qc7 8. Qxg7 Rg8 9. Qxh7 cxd4 10. Ne2 dxc3 11. f4 Nbc6 12. Qd3 d4 13. Nxd4 Nxd4 14. Qxd4 Nf5 15. Bb5+ Bd7 16. Bxd7+ Qxd7 17. Qxd7+ Kxd7 18. 0-0 Rg6 19. g3 Rc8 20. Rd1+ Ke8 21. Rd3 Rc4 22. Kf2 Nd4 23. Ra2 Nc6 24. Be3 b5 25. Ra1 b4 26. Rd6 a6 27. axb4 Nxb4 28. Rad1 Rc8 29. Bc5 Nd5 30. Ba3 Ra8 31. h4 Ne7 32. R1d3 Nf5 33. Rc6 Rd8 34. Rxd8+ Kxd8 35. Rxc3 Kd7 36. Bb4 Rg8 37. h5 Ng7 38. g4 Ne8 39. g5 Nc7 40. Ba5 Nd5 41. Rc4 Rb8 42. h6 Ke7 43. Kf3 Kf8 44. Ke4 Kg8 45. Rc6 Rb1 46. Rc8+ Kh7 47. Rf8 Kg6 48. Rg8+ Kh7 49. Rg7+ Kh8 50. Rxf7 1-0

[Event "Pula op 32nd"]
[Site "Pula"]
[Date "2018.06.25"]
[Round "3"]
[White "Jergovic, Andrija"]
[Black "Jelen, Igor"]
[Result "0-1"]
[WhiteElo "1979"]
[BlackElo "2360"]
[PlyCount "63"]
[EventDate "2018.06.23"]
[EventType "swiss"]
[EventRounds "9"]
[EventCountry "CRO"]
[SourceTitle "EXT 2019"]
[Source "ChessBase"]
[SourceDate "2018.10.10"]
[SourceVersion "1"]
[SourceVersionDate "2018.10.10"]
[SourceQuality "1"]

1. d4 Nf6 2. c4 g6 3. Nc3 d5 4. cxd5 Nxd5 5. e4 Nxc3 6. bxc3 Bg7 7. Be3 c5 8. Qd2 Qa5 9. Rc1 cxd4 10. cxd4 Qxd2+ 11. Kxd2 0-0 12. Nf3 Rd8 13. Kc2 Nc6 14. d5 Na5 15. Bd3 f5 16. Kb1 fxe4 17. Bxe4 Bf5 18. Bxf5 gxf5 19. Rhd1 Rd7 20. Nh4 Rf8 21. Bxa7 b6 22. Bb8 Rxb8 23. Nxf5 Rdd8 24. Re1 Bf6 25. Re6 Kf7 26. Nh6+ Kg6 27. Ng4 Rxd5 28. Nxf6 Rb5+ 29. Ka1 exf6 30. Rce1 Nc4 31. Rc6 Na3 32. Rc3 0-1

[Event "Osijek op"]
[Site "Osijek"]
[Date "2015.03.08"]
[Round "7"]
[White "Jergovic, Andrija"]
[Black "Grguric, Damir"]
[Result "0-1"]
[WhiteElo "1927"]
[BlackElo "1995"]
[PlyCount "138"]
[EventDate "2015.03.05"]
[EventType "swiss"]
[EventRounds "7"]
[EventCountry "CRO"]
[SourceTitle "CBM 165 Extra"]
[Source "ChessBase"]
[SourceDate "2015.04.21"]
[SourceVersion "1"]
[SourceVersionDate "2015.04.21"]
[SourceQuality "1"]

1. d4 Nf6 2. Nf3 g6 3. c4 c5 4. Nc3 cxd4 5. Nxd4 Bg7 6. e4 d6 7. Be2 0-0 8. 0-0 Nc6 9. Be3 Bd7 10. Rc1 a6 11. f3 Rb8 12. Nc2 Nh5 13. Qd2 f5 14. b3 Qe8 15. Rfd1 Nf6 16. exf5 gxf5 17. Kh1 Qg6 18. Nd5 Kh8 19. Nxf6 Bxf6 20. c5 Rg8 21. Bf1 Ne5 22. cxd6 Bc6 23. Nd4 f4 24. Bxf4 Nxf3 25. Nxf3 Bxf3 26. Qf2 Bxd1 27. Rxd1 exd6 28. Rxd6 Rbd8 29. Rb6 Qf5 30. Rxb7 Rg4 31. Bg3 Qxf2 32. Bxf2 Rd1 33. Kg1 Bd4 34. Rf7 Kg8 35. Rf3 Kg7 36. a4 a5 37. h3 Bxf2+ 38. Kxf2 Rg6 39. g4 Rd7 40. Kg3 Rgd6 41. g5 h6 42. gxh6+ Kxh6 43. Bc4 Rg7+ 44. Kf2 Rgg6 45. Rf5 Rgf6 46. Rxf6+ Rxf6+ 47. Ke3 Rd6 48. Ke4 Kh5 49. Ke5 Rb6 50. Bb5 Kh4 51. Kd5 Kxh3 52. Kc5 Rb8 53. Kc6 Kg4 54. Kc7 Rf8 55. Bc6 Kf4 56. Bb5 Rf6 57. Bc6 Rf8 58. Bd5 Ke5 59. Bc4 Rf6 60. Kb7 Kd4 61. Kc7 Kc5 62. Kd7 Rf4 63. Bg8 Rb4 64. Kc7 Rg4 65. Be6 Rg7+ 66. Kb8 Kb4 67. Bc4 Rg3 68. Bb5 Rxb3 69. Ka7 Ra3 0-1

[Event "Osijek op"]
[Site "Osijek"]
[Date "2015.03.06"]
[Round "4"]
[White "Skocibusic, Davor"]
[Black "Jergovic, Andrija"]
[Result "0-1"]
[WhiteElo "1711"]
[BlackElo "1927"]
[PlyCount "64"]
[EventDate "2015.03.05"]
[EventType "swiss"]
[EventRounds "7"]
[EventCountry "CRO"]
[SourceTitle "CBM 165 Extra"]
[Source "ChessBase"]
[SourceDate "2015.04.21"]
[SourceVersion "1"]
[SourceVersionDate "2015.04.21"]
[SourceQuality "1"]

1. d4 d5 2. e3 Nf6 3. Bd3 g6 4. f4 Bg7 5. Nf3 0-0 6. 0-0 c5 7. c3 Nc6 8. Nbd2 e6 9. Ne5 Qc7 10. Rf3 b6 11. Rh3 Bb7 12. Qe1 Nxe5 13. fxe5 Ne4 14. Qh4 h6 15. Nxe4 dxe4 16. Bxe4 g5 17. Qg4 f5 18. exf6 Rxf6 19. Bxb7 Qxb7 20. Rf3 Raf8 21. Rxf6 Rxf6 22. Bd2 Qa6 23. h4 Qd3 24. hxg5 hxg5 25. Qd1 g4 26. Qe1 g3 27. e4 Rf2 28. Rd1 cxd4 29. Bc1 Qb5 30. Rd2 dxc3 31. Rd8+ Kh7 32. e5 Qc6 0-1

[Event "Opatija op-A"]
[Site "Opatija"]
[Date "2013.07.01"]
[Round "3"]
[White "Jergovic, Andrija"]
[Black "Shariyazdanov, Andrey"]
[Result "0-1"]
[WhiteElo "1980"]
[BlackElo "2579"]
[PlyCount "46"]
[EventDate "2013.06.29"]
[EventType "swiss"]
[EventRounds "9"]
[EventCountry "CRO"]
[SourceTitle "CBM 155 Extra"]
[Source "ChessBase"]
[SourceDate "2013.08.26"]
[SourceVersion "1"]
[SourceVersionDate "2013.08.26"]
[SourceQuality "1"]

1. e4 g6 2. d4 Bg7 3. Nc3 d6 4. Bg5 Nd7 5. Qd2 c6 6. 0-0-0 Qc7 7. f4 b5 8. d5 b4 9. Nb1 Ngf6 10. dxc6 Qxc6 11. Bd3 Nc5 12. Bxf6 Nxd3+ 13. Qxd3 Bxf6 14. Nf3 0-0 15. Nbd2 a5 16. Kb1 a4 17. Nf1 b3 18. Ne3 bxa2+ 19. Kxa2 Be6+ 20. Nd5 Rfb8 21. Rb1 Ra5 22. c4 Bxd5 23. exd5 Qb6 0-1

[Event "Sarajevo Bosna op-B 42nd"]
[Site "Sarajevo"]
[Date "2012.05.08"]
[Round "6"]
[White "Jergovic, Andrija"]
[Black "Hadziselimovic, Bernardina"]
[Result "1-0"]
[WhiteElo "1999"]
[BlackElo "1844"]
[PlyCount "55"]
[EventDate "2012.05.05"]
[EventType "swiss"]
[EventRounds "9"]
[EventCountry "BIH"]
[SourceTitle "CBM 148 Extra"]
[Source "ChessBase"]
[SourceDate "2012.06.22"]
[SourceVersion "1"]
[SourceVersionDate "2012.06.22"]
[SourceQuality "1"]

1. c4 Nf6 2. Nc3 e6 3. d4 c5 4. Nf3 cxd4 5. Nxd4 Bb4 6. Qc2 0-0 7. Bd2 d5 8. cxd5 Nxd5 9. e3 Nc6 10. Bd3 Kh8 11. 0-0 Ba5 12. a3 Nxd4 13. exd4 Bd7 14. Rfe1 Rc8 15. Rac1 Bc7 16. h3 Qf6 17. Nxd5 exd5 18. Bc3 Qd6 19. g3 Qh6 20. Bf5 Be6 21. Bxe6 fxe6 22. Bb4 Bxg3 23. Qxc8 Bxf2+ 24. Kf1 Qxh3+ 25. Ke2 Qe3+ 26. Kd1 Qf3+ 27. Re2 h6 28. Qxf8+ 1-0

[Event "Zuerich op-B 35th"]
[Site "Zuerich"]
[Date "2011.12.30"]
[Round "7"]
[White "Jergovic, Andrija"]
[Black "Suri, Hans"]
[Result "1-0"]
[WhiteElo "1973"]
[BlackElo "2008"]
[PlyCount "75"]
[EventDate "2011.12.26"]
[EventType "swiss"]
[EventRounds "7"]
[EventCountry "SUI"]
[SourceTitle "CBM 146 Extra"]
[Source "ChessBase"]
[SourceDate "2012.02.29"]
[SourceVersion "1"]
[SourceVersionDate "2012.02.29"]
[SourceQuality "1"]

1. d4 Nf6 2. c4 e6 3. Nc3 Bb4 4. Qc2 0-0 5. a3 Bxc3+ 6. Qxc3 b6 7. f3 c5 8. dxc5 bxc5 9. Bg5 h6 10. Bh4 Nc6 11. e3 g5 12. Bf2 Qe7 13. h4 g4 14. h5 e5 15. Bh4 Qe6 16. Bxf6 Qxf6 17. fxg4 Re8 18. Be2 Rb8 19. 0-0-0 Nd4 20. exd4 exd4 21. Qc2 Bb7 22. Bd3 Qf4+ 23. Kb1 Qxg4 24. Nf3 Re3 25. Ka1 d5 26. Rh4 Qg3 27. Bf5 Qd6 28. Rg4+ Kf8 29. Qd2 Rbe8 30. Bh7 R8e6 31. Nh4 Rf6 32. Nf5 Rxf5 33. Bxf5 Qe5 34. Rf1 dxc4 35. Qa5 Bc6 36. Qd8+ Be8 37. Bh7 Rg3 38. Re4 1-0

[Event "Zuerich op-B 35th"]
[Site "Zuerich"]
[Date "2011.12.29"]
[Round "6"]
[White "Ciolek, Florian"]
[Black "Jergovic, Andrija"]
[Result "1-0"]
[WhiteElo "1942"]
[BlackElo "1973"]
[PlyCount "111"]
[EventDate "2011.12.26"]
[EventType "swiss"]
[EventRounds "7"]
[EventCountry "SUI"]
[SourceTitle "CBM 146 Extra"]
[Source "ChessBase"]
[SourceDate "2012.02.29"]
[SourceVersion "1"]
[SourceVersionDate "2012.02.29"]
[SourceQuality "1"]

1. e4 e6 2. d4 d5 3. e5 c5 4. c3 Nc6 5. Nf3 Bd7 6. Be2 Nge7 7. a3 c4 8. Nbd2 Na5 9. 0-0 Nec6 10. Ne1 Qb6 11. f4 Be7 12. Kh1 0-0-0 13. Rb1 Nb3 14. Nxb3 cxb3 15. Bd3 f5 16. exf6 gxf6 17. Nf3 Na5 18. Qe2 Kb8 19. f5 Ka8 20. fxe6 Bxe6 21. Re1 Rd6 22. Bf4 Rc6 23. Bb5 Bf5 24. Bxc6 Nxc6 25. Rbc1 a6 26. c4 Bxa3 27. c5 Qb5 28. Qxb5 axb5 29. bxa3 Na5 30. Nd2 Bc2 31. Re7 Nc4 32. Nb1 Nb2 33. Bg3 Nd3 34. Rf1 f5 35. Bd6 f4 36. Re2 Rg8 37. Nc3 b4 38. axb4 Nxb4 39. Nxd5 Bd3 40. Ra1+ Na6 41. Rb2 f3 42. gxf3 Ka7 43. Nb4 Bc4 44. Nxa6 bxa6 45. Rg1 a5 46. Rxg8 Bxg8 47. c6 Kb6 48. c7 Kb7 49. Kg2 Kc8 50. Re2 Bf7 51. d5 Bg6 52. Kg3 Kb7 53. Kf4 a4 54. Ba3 Kxc7 55. d6+ Kc6 56. Ke5 1-0

[Event "Zuerich op-B 35th"]
[Site "Zuerich"]
[Date "2011.12.28"]
[Round "4"]
[White "Geyer, Martin"]
[Black "Jergovic, Andrija"]
[Result "0-1"]
[WhiteElo "1849"]
[BlackElo "1973"]
[PlyCount "50"]
[EventDate "2011.12.26"]
[EventType "swiss"]
[EventRounds "7"]
[EventCountry "SUI"]
[SourceTitle "CBM 146 Extra"]
[Source "ChessBase"]
[SourceDate "2012.02.29"]
[SourceVersion "1"]
[SourceVersionDate "2012.02.29"]
[SourceQuality "1"]

1. d4 d5 2. c4 c6 3. e3 Nf6 4. Nf3 a6 5. Bd3 b5 6. b3 Bg4 7. Nbd2 e6 8. 0-0 Bd6 9. Qc2 Nbd7 10. Bb2 0-0 11. Ne5 Rc8 12. Nxg4 Nxg4 13. Bxh7+ Kh8 14. h3 Nh2 15. Rfe1 Qh4 16. Bd3 f5 17. f4 Qg3 18. Qd1 Nf6 19. Nf1 Nxf1 20. Bxf1 Bb4 21. Re2 Ne4 22. Rc1 bxc4 23. bxc4 Rf6 24. Rcc2 Rh6 25. Kh1 Nf6 0-1

[Event "Opatija Summer op"]
[Site "Opatija"]
[Date "2011.07.16"]
[Round "6"]
[White "Zrilic, Bozo"]
[Black "Jergovic, Andrija"]
[Result "1-0"]
[WhiteElo "2015"]
[BlackElo "2001"]
[PlyCount "131"]
[EventDate "2011.07.11"]
[EventType "swiss"]
[EventRounds "7"]
[EventCountry "CRO"]
[SourceTitle "CBM 143 Extra"]
[Source "ChessBase"]
[SourceDate "2011.08.29"]
[SourceVersion "1"]
[SourceVersionDate "2011.08.29"]
[SourceQuality "1"]

1. d4 d5 2. c4 c6 3. e3 Nf6 4. Nc3 a6 5. b3 b5 6. Qc2 g6 7. Bd3 Bg7 8. Nf3 0-0 9. 0-0 Bb7 10. Bb2 Nbd7 11. c5 e5 12. dxe5 Ng4 13. Ne2 Ngxe5 14. Nxe5 Nxe5 15. Bd4 Qh4 16. Nf4 Bc8 17. Be2 Ng4 18. Bxg4 Bxd4 19. exd4 Bxg4 20. Qd2 Qg5 21. Rfe1 Bd7 22. Re5 Qf6 23. Rae1 Rfe8 24. f3 a5 25. a3 a4 26. b4 h5 27. Kf2 Rxe5 28. dxe5 Qg5 29. Qd4 Re8 30. Re2 Bf5 31. g3 Qh6 32. Qe3 f6 33. Qd4 fxe5 34. Rxe5 Rxe5 35. Qxe5 Qg7 36. Qxg7+ Kxg7 37. Ke3 Bd7 38. Ne2 Kf6 39. Nf4 Bf5 40. h4 Ke5 41. Ne2 Bd7 42. Nd4 Be8 43. g4 hxg4 44. fxg4 Bd7 45. Nf3+ Kf6 46. Kf4 Be8 47. g5+ Ke6 48. Nd4+ Ke7 49. Ke5 Bd7 50. Ne2 Be6 51. Nf4 Bf7 52. Kd4 Ke8 53. Ke5 Ke7 54. h5 gxh5 55. g6 Bg8 56. Nxh5 Kf8 57. Kf6 d4 58. g7+ Ke8 59. Nf4 Bh7 60. Nd3 Bg8 61. Ne5 Bh7 62. Ke6 Bg8+ 63. Kd6 Bd5 64. Nxc6 Bg8 65. Nxd4 Kf7 66. c6 1-0

[Event "Opatija Summer op"]
[Site "Opatija"]
[Date "2011.07.12"]
[Round "2"]
[White "Golubovic, Boris"]
[Black "Jergovic, Andrija"]
[Result "1-0"]
[WhiteElo "2414"]
[BlackElo "2001"]
[PlyCount "43"]
[EventDate "2011.07.11"]
[EventType "swiss"]
[EventRounds "7"]
[EventCountry "CRO"]
[SourceTitle "CBM 143 Extra"]
[Source "ChessBase"]
[SourceDate "2011.08.29"]
[SourceVersion "1"]
[SourceVersionDate "2011.08.29"]
[SourceQuality "1"]

1. c4 Nf6 2. Nc3 e6 3. e4 d5 4. e5 Nfd7 5. cxd5 exd5 6. d4 Nb6 7. Bd3 Nc6 8. Be3 Nb4 9. Bb1 Nc4 10. Bc1 c6 11. a3 Na6 12. b3 Qa5 13. Nge2 Nxa3 14. 0-0 b5 15. b4 Bxb4 16. Qb3 Nxb1 17. Rxa5 Nxc3 18. Nxc3 Bxa5 19. Nxb5 Rb8 20. Nd6+ Ke7 21. Qa3 Bb4 22. Nxc8+ 1-0

[Event "Pula op 24th"]
[Site "Pula"]
[Date "2010.06.19"]
[Round "1"]
[White "Jergovic, Andrija"]
[Black "Feletar, Darko"]
[Result "0-1"]
[WhiteElo "1961"]
[BlackElo "2390"]
[PlyCount "82"]
[EventDate "2010.06.19"]
[EventType "swiss"]
[EventRounds "9"]
[EventCountry "CRO"]
[SourceTitle "CBM 137 Extra"]
[Source "ChessBase"]
[SourceDate "2010.09.01"]
[SourceVersion "1"]
[SourceVersionDate "2010.09.01"]
[SourceQuality "1"]

1. d4 e6 2. Nf3 c5 3. c4 cxd4 4. Nxd4 Nf6 5. Nc3 Bb4 6. Qc2 Nc6 7. Nxc6 dxc6 8. e3 e5 9. Bd2 Be6 10. a3 Be7 11. Be2 0-0 12. 0-0 Nd7 13. Rfd1 f5 14. b4 Qe8 15. b5 Qf7 16. bxc6 bxc6 17. Na4 Rfb8 18. Qa2 e4 19. Bc3 Bf8 20. Rab1 Nb6 21. Nb2 Rb7 22. Rd2 Nxc4 23. Nxc4 Rxb1+ 24. Qxb1 Bxc4 25. Bxc4 Qxc4 26. Qb2 Qf7 27. a4 Re8 28. a5 Bc5 29. Bd4 Bxd4 30. Rxd4 c5 31. Rd6 Rc8 32. a6 h6 33. g3 c4 34. Qb7 Rc7 35. Rd8+ Kh7 36. Qb8 c3 37. h4 c2 38. h5 c1Q+ 39. Kg2 Qxh5 40. Rh8+ Kg6 41. Qe8+ Rf7 0-1

[Event "Omis op"]
[Site "Omis"]
[Date "2007.10.06"]
[Round "3"]
[White "Marcic, Ivica"]
[Black "Jergovic, Andrija"]
[Result "1-0"]
[WhiteElo "2059"]
[BlackElo "1980"]
[PlyCount "69"]
[EventDate "2007.10.05"]
[EventType "swiss"]
[EventRounds "7"]
[EventCountry "CRO"]
[SourceTitle "CBM 120 Extra"]
[Source "ChessBase"]
[SourceDate "2007.11.01"]
[SourceVersion "1"]
[SourceVersionDate "2007.11.01"]
[SourceQuality "1"]

1. e4 e6 2. d3 d5 3. Nd2 Nf6 4. Ngf3 Nc6 5. e5 Nd7 6. d4 f6 7. exf6 Nxf6 8. Bb5 Bd7 9. 0-0 Bd6 10. Re1 0-0 11. c3 a6 12. Bd3 Qe7 13. Ne5 Bxe5 14. dxe5 Ne8 15. Nf3 Na5 16. Bg5 Qf7 17. Bh4 g6 18. h3 Nc4 19. Qe2 b5 20. Rad1 c5 21. Nh2 Nb6 22. Ng4 Kh8 23. Qe3 Rc8 24. Bg5 Na4 25. Rd2 a5 26. Qg3 c4 27. Bb1 h5 28. Qh4 b4 29. Re3 bxc3 30. bxc3 Rb8 31. Bc2 Qh7 32. Nf6 Nxf6 33. Bxf6+ Kg8 34. Bxg6 Qh6 35. Rg3 1-0

[Event "Zagreb op"]
[Site "Zagreb"]
[Date "2007.03.17"]
[Round "1"]
[White "Kristovic, Marijan"]
[Black "Jergovic, Andrija"]
[Result "1-0"]
[WhiteElo "2296"]
[BlackElo "1978"]
[PlyCount "49"]
[EventDate "2007.03.17"]
[EventType "swiss"]
[EventRounds "9"]
[EventCountry "CRO"]
[SourceTitle "CBM 117 Extra"]
[Source "ChessBase"]
[SourceDate "2007.05.09"]
[SourceVersion "1"]
[SourceVersionDate "2007.05.09"]
[SourceQuality "1"]

1. e4 e6 2. d4 d5 3. Nd2 Nf6 4. e5 Nfd7 5. Bd3 c5 6. c3 cxd4 7. cxd4 Nc6 8. Ne2 Nb6 9. 0-0 Bd7 10. f4 g6 11. Nf3 Nb4 12. Bb1 Nc4 13. b3 Nb6 14. a3 Nc6 15. g4 h5 16. h3 hxg4 17. hxg4 a5 18. Kg2 a4 19. b4 Nc4 20. Rh1 Rxh1 21. Qxh1 Qc7 22. Qh7 Be7 23. Qg8+ Bf8 24. Ng5 Nd8 25. Nh7 1-0